Investing in Asia

Guardado en:
Detalles Bibliográficos
Otros Autores: Oman, Charles P., Brooks, Douglas H., Foy, Colm
Formato: Libro
Lenguaje:inglés
Publicado: Paris OECD 1997
Materias:
Etiquetas: Agregar Etiqueta
Sin Etiquetas, Sea el primero en etiquetar este registro!

MARC

LEADER 00000nam a2200000 4500
001 c119319
005 20221221093300.7
020 |a 92-64-15408-6 
041 0 |a eng 
044 |a FR 
245 1 0 |a Investing in Asia  |c edited by Charles P. Oman, Douglas H. Brooks and Colm Foy 
264 1 |a Paris  |b OECD  |c 1997 
300 |a 248 s. 
610 2 0 |a investície 
610 2 0 |a investície rozvojové 
610 2 0 |a investície zahraničné 
610 2 0 |a investície zo zahraničia 
610 2 0 |a investori 
610 2 0 |a investovanie 
610 2 0 |a sektor súkromný 
610 2 0 |a trh svetový 
610 2 0 |a trh zahraničný 
610 2 0 |a Ázia 
700 1 |a Oman, Charles P. 
700 1 |a Brooks, Douglas H. 
700 1 |a Foy, Colm